Trang phục Triều Lê - Trịnh

Sách giúp bạn đọc có thêm những kiến thức về nghi lễ, phẩm phục của các triều đại phong kiến Việt Nam từ thế kỷ 15 đến 18.

Сохранить в:
Библиографические подробности
Главный автор: Trịnh, Quang Vũ
Формат:
Язык:Undetermined
Опубликовано: Từ điển Bách Khoa 2008
Предметы:
Метки: Добавить метку
Нет меток, Требуется 1-ая метка записи!
Thư viện lưu trữ: Trung tâm Học liệu Trường Đại học Cần Thơ
LEADER 00764nam a2200205Ia 4500
001 CTU_133879
008 210402s9999 xx 000 0 und d
020 |c 198000 
082 |a 391.009597 
082 |b V500 
100 |a Trịnh, Quang Vũ 
245 0 |a Trang phục Triều Lê - Trịnh 
245 0 |c Trịnh Quang Vũ 
260 |b Từ điển Bách Khoa 
260 |c 2008 
520 |a Sách giúp bạn đọc có thêm những kiến thức về nghi lễ, phẩm phục của các triều đại phong kiến Việt Nam từ thế kỷ 15 đến 18. 
650 |a Costume,Trang phục 
650 |x History,Lịch sử 
904 |i Trọng Hải 
980 |a Trung tâm Học liệu Trường Đại học Cần Thơ